000 00255nam a22001097a 4500
008 180802b xxu||||| |||| 00| 0 eng d
082 _a813.52
245 _aEncyclopedia britanica 2001
_cDeluxe
260 _c1994-2001
300 _a1
_fCD
942 _2ddc
_cMX
999 _c46709
_d46709